| 000 | 00516nam a2200205Ia 4500 | ||
|---|---|---|---|
| 003 | GCL | ||
| 008 | 140319s9999 xx 000 0 ara d | ||
| 040 |
_aGCL / _cGCL |
||
| 082 | 0 | 4 |
_a808.8 _bف ج |
| 100 | 1 | _aفتحى العشرى | |
| 245 | 1 | 0 |
_aجرنيكا : أزمة انسان العصر / _cفتحى العشرى |
| 300 | _a93 | ||
| 490 | _a | ||
| 650 | 0 | 4 | _aالادب |
| 650 | 0 | 4 | _aالشعر |
| 650 | 0 | 4 | _aالقصص |
| 650 | 0 | 4 | _aالائتمان |
| 650 | 0 | 4 | _aالمجموعات |
| 942 |
_2ddc _cBK |
||
| 999 |
_c40966 _d40966 |
||